000 00457nam a22001817a 4500
005 20260211132848.0
008 260211b |||||||| |||| 00| 0 eng d
020 _a9788199217829
_c1650.00
040 _aMAIN
041 _aEnglish
082 _a660.6
_bSAM
100 _aSampson, Emily
_926279
245 _aIndustrial Microbiology
260 _aNew Delhi
_bBlackwell Press
_c2026
300 _a300
650 _aBiological Science
_914046
942 _cBK
999 _c60327
_d60327